| 000 | 01036nam a22002175i 4500 | ||
|---|---|---|---|
| 001 | 172762 | ||
| 003 | ES-MaACL | ||
| 005 | 20250831061528.0 | ||
| 008 | 090908s1932 sp |||| | spa d | ||
| 110 | 1 |
_aEspaña _93622 |
|
| 245 | 1 | 0 | _aAcuerdo mediante canje de notas entre España y Grecia firmadas en Atenas el 15 de julio de 1932 para hacer extensivas a los tenedores de obligaciones del ferrocarril Salónica-Monastir las cláusulas del convenio celebrado entre Grecia y los obligacionistas franceses el 10 de marzo de 1932. |
| 260 |
_aMadrid : _b[s.n.], _c1932 ( _fImpr. del Ministerio de Estado) |
||
| 300 |
_a8 p. ; _c24 cm. |
||
| 490 | 1 |
_aPublicaciones del Ministerio de Estado. Serie A: Acuerdos y Convenios Internacionales. Año 1932 ; _v3 |
|
| 500 | _aLa cubierta sirve de portada. | ||
| 594 | _aTexto en español y francés. | ||
| 710 | 1 |
_aEspaña. _bMinisterio de Estado. _93866 |
|
| 830 | 0 | 0 |
_aPublicaciones del Ministerio de Estado _v3 _9189119 |
| 852 |
_aES-MaACL _j2299-F-19 |
||
| 999 |
_c172762 _d172762 |
||